000 00673nam a2200217Ii 4500
003 JO-AjNU
008 230605s9999||||xx |||||||||||||| ||und||
017 _a2008/3/588
040 _aJO-AjNU
_bara
_erda
_cJO-AjNU
041 _aara
050 1 4 _aPJ7852.A926.M37 2008
100 3 _aنواصر، جمال,
_eauthor
_957477
245 0 0 _aمسرحيات للطفوله والمدرسة
250 _aط1
264 3 1 _aعمان: وزارة الثقافه،2007
300 _a92ص
336 _atext
_btxt
_2rdacontent
337 _aunmediated
_bn
_2rdamedia
338 _avolume
_bnc
_2rdacarrier
650 4 _aالمسرح التعليمي-مسرح الاطفال
_957478
999 _aA25761
_c29329
_d29329